Single de diamant - PNL - Statistiques

Statistiques générales
  • Ce quiz a été pris 365 fois
  • Le résultat moyen est 12 sur 21
Statistiques - réponses
Date de certification Date de sortie Titres % Correct
Mai 2019 Mars 2019 Au DD
95%
Juin 2017 Septembre 2016 DA
86%
Mars 2017 Septembre 2016 Onizuka
81%
Mars 2017 Septembre 2016 Bené
78%
Septembre Septembre 2016 Naha
72%
Juin 2021 Septembre 2016 Deux frères
69%
Juin 2021 Avril 2019 Deux frères
69%
Septembre 2017 Septembre 2016 Jusqu'au dernier gramme
68%
Janvier 2020 Juin 2018 A l'Ammoniaque
67%
Janvier 2021 Avril 2019 Blanka
56%
Juillet 2017 Septembre 2016 Dans la légende
54%
Juillet 2022 Avril 2019 La misère est si belle
51%
Aout 2022 Avril 2019 Chang
48%
Novembre 2022 Septembre 2016 Uranus
48%
Mars 2022 Avril 2019 Zoulou Tchaing
46%
Aout 2017 Septembre 2016 J'suis QLF
41%
Decembre 2021 Avril 2019 Luz de Luna
41%
Janvier 2023 Avril 2019 Autre monde
36%
Mai 2022 Mars 2019 Hasta la Vista
34%
Aout 2021 Septembre 2016 Bambina
32%
Avril 2023 Juin 2019 MOWGLI II
32%
Aucun quiz correspondant
Distribution des résultats
% des personnes avec chaque résultat
Percentile par nombre de réponses
Votre historique - résultats
Vous n’avez pas pris ce quiz